KOHA-Header-6

Overcoming Teenage low mood and depression a five areas approach (Record no. 12111)

000 -LEADER
fixed length control field 00307nam a22001217a 4500
020 ## - INTERNATIONAL STANDARD BOOK NUMBER
ISBN 978-1-4987-8074-2
082 ## - DEWEY DECIMAL CLASSIFICATION NUMBER
Classification number 618.92
100 ## - MAIN ENTRY--AUTHOR NAME
Personal name Nicky Dummett
245 ## - TITLE STATEMENT
Title Overcoming Teenage low mood and depression a five areas approach
260 ## - PUBLICATION, DISTRIBUTION, ETC. (IMPRINT)
Place of publication New York
Name of publisher Routlege
Year of publication 2019
300 ## - PHYSICAL DESCRIPTION
Number of Pages 250
942 ## - ADDED ENTRY ELEMENTS (KOHA)
Koha item type Books
Holdings
Withdrawn status Lost status Collection code Permanent Location Current Location Shelving location Date acquired Full call number Accession Number Koha item type
    English Literature MAJU MAJU Shelf No.A15 2019-10-29 618.92 9384 English Literature

Powered by Koha